000 00313nam a2200109Ia 4500
008 171211s9999 xx 000 0 und d
245 _aCleaving: A Story of Marriage, Meat, and Obsession
245 _cJulie Powell
260 _c2010
650 _xCOOKBOOKS
856 _uhttp://down.ebook777.com/064/0316003379.pdf
999 _c348120
_d348120